L'analyse du récit (notice n° 1703164)

détails MARC
000 -LEADER
fixed length control field 01112cam a2200133 4500500
005 - DATE AND TIME OF LATEST TRANSACTION
control field 20260322000112.0
041 ## - LANGUAGE CODE
Language code of text/sound track or separate title fre
042 ## - AUTHENTICATION CODE
Authentication code dc
100 10 - MAIN ENTRY--PERSONAL NAME
Personal name Reuter, Yves
Relator term author
245 00 - TITLE STATEMENT
Title L'analyse du récit
260 ## - PUBLICATION, DISTRIBUTION, ETC.
Name of publisher, distributor, etc. Armand Colin,<br/>
Date of publication, distribution, etc. 2025.<br/>
520 ## - SUMMARY, ETC.
Summary, etc. L’approche narratologique présente trois caractéristiques majeures: elle permet l’analyse des différents types de récits (littéraires ou non)&amp;#8239;; elle met en lumière leurs principes de composition communs au-delà des différences apparentes&amp;#8239;; elle peut s’articuler avec des approches fondées sur la production ou la réception de ces textes.Cet ouvrage expose donc les concepts fondamentaux et les outils descriptifs permettant l’étude précise des grands niveaux du récit: fiction, narration et mise en texte. Afin d’éclairer leurs applications possibles, les notions sont illustrées de nombreux exemples issus aussi bien d’œuvres littéraires variées que de récits non littéraires.
856 41 - ELECTRONIC LOCATION AND ACCESS
Uniform Resource Identifier <a href="https://shs.cairn.info/l-analyse-du-recit-3e-ed--9782200641108?lang=fr&redirect-ssocas=7080">https://shs.cairn.info/l-analyse-du-recit-3e-ed--9782200641108?lang=fr&redirect-ssocas=7080</a>

Pas d'exemplaire disponible.

PLUDOC

PLUDOC est la plateforme unique et centralisée de gestion des bibliothèques physiques et numériques de Guinée administré par le CEDUST. Elle est la plus grande base de données de ressources documentaires pour les Étudiants, Enseignants chercheurs et Chercheurs de Guinée.

Adresse

627 919 101/664 919 101

25 boulevard du commerce
Kaloum, Conakry, Guinée

Réseaux sociaux

Powered by Netsen Group @ 2025